000 01028 a2200229 4500
005 20260216112559.0
008 260216b |||||||| |||| 00| 0 eng d
020 _a9788197638244 (hbk)
037 _cTB
040 _aCRL
_cCRL
041 _2hin
_ahin
084 _aO152,1x R4
_qCRL
100 _aपुरी, अजीत कुमार 'अन्वेषक'
_9863464
245 _aआह्लादित है अयोध्या:
_bकविता संग्रह
260 _aनई दिल्ली, भारत:
_bहंस प्रकाशन,
_c2024.
300 _a151पृ.
365 _b395.00
_cINR
650 _aहिन्दी साहित्य
_91115896
650 _aहिन्दी कविता
_91115897
942 _cTB
_2CC
_n0
_hO152,1x R4
999 _c1467430
_d1467430